Tous les clubs anglais ayant participés à la Conférence League - Statistiques

Statistiques générales
  • Ce quiz a été pris 40 fois
  • Le résultat moyen est 4 sur 5
Statistiques - réponses
Première participation Dernière participation Nombres de participations Clubs % Correct
2024-25 2024-25 1 Chelsea
92%
2022-23 2022-23 1 West Ham
92%
2021-22 2021-22 1 Tottenham
84%
2023-24 2023-24 1 Aston Villa
82%
2021-22 2021-22 1 Leicester
53%
Aucun quiz correspondant
Distribution des résultats
% des personnes avec chaque résultat
Percentile par nombre de réponses
Votre historique - résultats
Vous n’avez pas pris ce quiz